000 00634nam a2200241Ia 4500
003 OSt
005 20220918165529.0
006 a|||||r|||| 00| 0
007 ta
008 220917b |||||||| |||| 00| 0 eng d
020 _a8124601038
024 _a243,794
037 _cTextual
040 _aARTS
_cARTS
_beng
041 _2eng
_aeng
082 _aG:55, N8
100 _aSaraswati Baidyanath Ed.
_924624
245 0 _aLife-style and ecology
260 _aNew Delhi
_bD.K. Printworld India
_c1998
300 _a222p.
_ccm.
942 _hG:55, N8
_cTEXL
_2CC
999 _c130230
_d130230